000 00582nam a2200217Ia 4500
003 OSt
005 20220925192601.0
006 a|||||r|||| 00| 0
007 ta
008 220923b |||||||| |||| 00| 0 eng d
037 _cGeneral Book
040 _aRTL
_cRTL
_beng
041 _2eng
_aeng
082 _aX9.262.N23r, F4
245 0 _aBengal industries (Deptt. of--)
260 _aCalcutta
_bDeptt. of Bengal Industries
_c1924
300 _aii,31p
_ccm.
500 _aApp.:pi-xiii
942 _hX9.262.N23r, F4
_cGB
_2CC
999 _c522707
_d522707